Estudios de poesía dominicana / (Registro nro. 7197)
[ vista simple ]
| 000 -LEADER | |
|---|---|
| fixed length control field | 00816nam a2200253 a 4500 |
| 001 - CONTROL NUMBER | |
| control field | 000008690 |
| 003 - CONTROL NUMBER IDENTIFIER | |
| control field | DO-SdBNP |
| 005 - DATE AND TIME OF LATEST TRANSACTION | |
| control field | 20160920134510.0 |
| 007 - PHYSICAL DESCRIPTION FIXED FIELD--GENERAL INFORMATION | |
| fixed length control field | 000008690 |
| 008 - FIXED-LENGTH DATA ELEMENTS--GENERAL INFORMATION | |
| fixed length control field | 090918t1979 dr 001 p spa d |
| 040 ## - CATALOGING SOURCE | |
| Original cataloging agency | BPMET |
| Language of cataloging | spa |
| Transcribing agency | BPMET |
| 049 ## - LOCAL HOLDINGS (OCLC) | |
| Holding library | BNPD |
| 092 ## - LOCALLY ASSIGNED DEWEY CALL NUMBER (OCLC) | |
| Classification number | RD861.4409 |
| Item number | A347ze |
| 100 1# - MAIN ENTRY--PERSONAL NAME | |
| Personal name | Alcántara Almánzar, José, |
| Dates associated with a name | 1946- |
| 245 10 - TITLE STATEMENT | |
| Title | Estudios de poesía dominicana / |
| Statement of responsibility, etc. | José Alcántara Almánzar. |
| 260 ## - PUBLICATION, DISTRIBUTION, ETC. (IMPRINT) | |
| Place of publication, distribution, etc. | Santo Domingo : |
| Name of publisher, distributor, etc. | Alfa y Omega, |
| Date of publication, distribution, etc. | 1979. |
| 300 ## - PHYSICAL DESCRIPTION | |
| Extent | 435 p. ; |
| Dimensions | 25 cm. |
| 650 #4 - SUBJECT ADDED ENTRY--TOPICAL TERM | |
| Topical term or geographic name as entry element | POESÍA DOMINICANA |
| General subdivision | CRÍTICA E INTERPRETACIÓN |
| 650 #4 - SUBJECT ADDED ENTRY--TOPICAL TERM | |
| Topical term or geographic name as entry element | AUTORES DOMINICANOS |
| General subdivision | CRÍTICA E INTERPRETACIÓN |
| 650 #4 - SUBJECT ADDED ENTRY--TOPICAL TERM | |
| Topical term or geographic name as entry element | LITERATURA DOMINICANA |
| General subdivision | HISTORIA Y CRÍTICA |
| 910 ## - USER-OPTION DATA (OCLC) | |
| User-option data | Validado. Control de calidad EMS |
| 942 ## - ADDED ENTRY ELEMENTS (KOHA) | |
| Source of classification or shelving scheme | Dewey Decimal Classification |
| Koha item type | Libros |
| 956 ## - LOCAL ELECTRONIC LOCATION AND ACCESS (OCLC) | |
| Host name | VMATEO |
| Access number | 10 |
| Compression information | 10151002 |
| Logon | BPMSU |
| Processor of request | 0069 |
| Withdrawn status | Lost status | Source of classification or shelving scheme | Damaged status | Not for loan | Collection code | Home library | Current library | Date acquired | Total Checkouts | Barcode | Date last seen | Copy number | Price effective from | Koha item type |
|---|---|---|---|---|---|---|---|---|---|---|---|---|---|---|
| Dewey Decimal Classification | Biblioteca Pública Metropolitana Salomé Ureña | Biblioteca Pública Metropolitana Salomé Ureña | 01/16/2015 | BPMET15040646 | 01/16/2015 | 1 | 01/16/2015 | Libros |